[Event "Detroit (MI Op/7/33)"]
[Site "?"]
[Date "1994.??.??"]
[Round "?"]
[White "Poenisch, Volker"]
[Black "Thurman, John"]
[Result "1-0"]
[WhiteElo "1885"]
[BlackElo "1755"]
[PlyCount "42"]
[EventDate "1994.??.??"]

{7/(33)} 1. d4 Nf6 2. c4 e6 3. Nf3 Bb4+ 4. Bd2 Bxd2+ 5. Qxd2 O-O 6. Nc3 d5 7.
e3 Qe7 8. Bd3 Nbd7 9. cxd5 exd5 10. O-O c5 11. Rac1 cxd4 12. Nxd4 Nc5 13. Bb1
Nfe4 14. Qc2 Rd8 15. b4 Na6 16. Nxd5 Rxd5 17. Qxe4 Qxe4 18. Bxe4 Re5 19. Rxc8+
Rxc8 20. Bxb7 Rc4 21. Bxa6 Rc7 1-0

[Event "Romulus (RVO/2/35)"]
[Site "?"]
[Date "1994.??.??"]
[Round "?"]
[White "Poenisch, Volker"]
[Black "Parham, B."]
[Result "0-1"]
[WhiteElo "1885"]
[BlackElo "2105"]
[PlyCount "82"]
[EventDate "1994.??.??"]

{2/(35)} 1. d4 d5 2. c4 dxc4 3. Nf3 c6 4. e3 b5 5. a4 Bd7 6. Ne5 Nh6 7. axb5 f6
8. Nxd7 Qxd7 9. Bxc4 e5 10. bxc6 Qxc6 11. Qa4 Qxa4 12. Rxa4 Nd7 13. Bb5 exd4
14. Rxd4 O-O-O 15. Bd2 Nf5 16. Rc4+ Kb7 17. Ba5 Nb6 18. Rc2 Nd6 19. Be2 Rc8 20.
Rxc8 Kxc8 21. Na3 Na4 22. Ba6+ Kd7 23. Nc4 Nc5 24. Nxd6 Nxa6 25. Nc4 Kc6 26.
Ke2 Kb5 27. Rc1 Be7 28. Bc3 Rc8 29. Nd2 Bb4 30. Ne4 Rc4 31. f3 f5 32. Ng5 Nc5
33. h3 a5 34. Nf7 Na4 35. Kd3 Rc7 36. Ne5 Bd6 37. f4 Nc5+ 38. Ke2 Nb3 39. Rd1
Bb4 40. Bxb4 Kxb4 41. Nd3+ Kb5 0-1

[Event "Detroit (Class A/4/5)"]
[Site "?"]
[Date "1994.??.??"]
[Round "?"]
[White "Poenisch, Volker"]
[Black "Hendricks, Marcus"]
[Result "1-0"]
[WhiteElo "1825"]
[BlackElo "1910"]
[PlyCount "71"]
[EventDate "1994.??.??"]

{4/(5)} 1. d4 d5 2. c4 e6 3. Nc3 Nf6 4. Nf3 Be7 5. Bg5 Nbd7 6. e3 O-O 7. Qc2 h6
8. h4 Re8 9. O-O-O c5 10. Bxf6 Bxf6 11. g4 cxd4 12. exd4 Qc7 13. Kb1 Qf4 14.
Be2 Qxg4 15. Ng5 Qf4 16. Qh7+ Kf8 17. Nxf7 Qf5+ 18. Qxf5 exf5 19. Nd6 Re6 20.
Ndb5 Bd8 21. cxd5 Rf6 22. d6 a6 23. Nc7 Rb8 24. Bc4 Nb6 25. Rhe1 Bd7 26. Ne6+
Bxe6 27. Bxe6 Nc8 28. Nd5 Rg6 29. Bxc8 Rxc8 30. d7 Rb8 31. Rc1 Rc6 32. Rxc6
bxc6 33. Re8+ Kf7 34. Ne3 g6 35. Nc4 Rb7 36. Nd6+ 1-0

[Event "Detroit (Class A/1/10)"]
[Site "?"]
[Date "1994.??.??"]
[Round "?"]
[White "Poenisch, Volker"]
[Black "Gipson, John"]
[Result "1/2-1/2"]
[WhiteElo "1825"]
[BlackElo "1930"]
[PlyCount "65"]
[EventDate "1994.??.??"]

{1/(10)} 1. d4 d5 2. c4 e6 3. Nc3 Nf6 4. Nf3 Nbd7 5. cxd5 exd5 6. Bf4 c6 7. e3
Be7 8. Bd3 O-O 9. Qc2 Re8 10. O-O Nf8 11. h3 h6 12. Rab1 Bd7 13. b4 a6 14. Ne5
Ne6 15. Bh2 Bd6 16. Na4 Ng5 17. Nc5 Qc7 18. h4 Nge4 19. f3 Nxc5 20. bxc5 Be7
21. Nxd7 Qxd7 22. Bf5 Qd8 23. Rxb7 Bf8 24. Qb3 Nh5 25. g4 Qxh4 26. gxh5 Qg5+
27. Bg4 Rxe3 28. Qd1 f5 29. Be5 fxg4 30. fxg4 Qh4 31. Rxf8+ Rxf8 32. Rxg7+ Kh8
33. Rf7+ 1/2-1/2

[Event "Detroit (MI Op/1a/13)"]
[Site "?"]
[Date "1994.??.??"]
[Round "?"]
[White "Poenisch, Volker"]
[Black "Gabbara, Faris"]
[Result "1-0"]
[WhiteElo "1885"]
[BlackElo "2170"]
[PlyCount "102"]
[EventDate "1994.??.??"]

1. d4 d5 2. c4 e6 3. Nc3 c5 4. e3 Nf6 5. Nf3 Nc6 6. a3 b6 7. cxd5 exd5 8. Bb5
Bd7 9. dxc5 bxc5 10. O-O Ne7 11. Bxd7+ Qxd7 12. Ne5 Qc7 13. f4 Qa5 14. Bd2 Qa6
15. Qb3 Rc8 16. Qb5+ Qxb5 17. Nxb5 Ne4 18. Ba5 f6 19. Nd3 Nc6 20. Be1 Be7 21.
Nf2 O-O 22. Nxe4 dxe4 23. f5 Rfe8 24. Rf4 Rb8 25. Nc7 Bd6 26. Nxe8 Bxf4 27.
Nxf6+ gxf6 28. exf4 Kf7 29. Rc1 Rb5 30. b4 Nd4 31. Rxc5 Rxc5 32. bxc5 Nxf5 33.
g4 Nd4 34. Kf2 Ke6 35. Bc3 Nb5 36. f5+ Kd5 37. Bxf6 Nxa3 38. g5 Nb5 39. h4 Nc7
40. h5 Ne8 41. Ba1 Kxc5 42. g6 hxg6 43. h6 gxf5 44. h7 f4 45. h8=Q e3+ 46. Kf3
Nc7 47. Qd4+ Kc6 48. Qxf4 Nd5 49. Qc4+ Kd6 50. Qa6+ Kc5 51. Qxa7+ Kc6 1-0

[Event "Detroit (MI Op/5/28)"]
[Site "?"]
[Date "1994.??.??"]
[Round "?"]
[White "Poenisch, Volker"]
[Black "Brattin, Vincent"]
[Result "1/2-1/2"]
[WhiteElo "1885"]
[BlackElo "1965"]
[PlyCount "51"]
[EventDate "1994.??.??"]

{5/(28)} 1. d4 d5 2. c4 c6 3. Nf3 Nf6 4. cxd5 cxd5 5. Nc3 e6 6. Bf4 Nc6 7. e3
Be7 8. Bd3 O-O 9. Ne5 Bd7 10. g4 Nxe5 11. dxe5 Ne8 12. g5 g6 13. h4 Ng7 14. Qg4
Bc6 15. h5 Nf5 16. Qh3 Bxg5 17. hxg6 h6 18. Bxf5 exf5 19. Rg1 fxg6 20. Bxg5
hxg5 21. Qh6 Kf7 22. Qh7+ Ke6 23. Qxg6+ Kxe5 24. Rxg5 Qf6 25. f4+ Ke6 26. O-O-O
1/2-1/2

[Event "Detroit (MI Op/2/15)"]
[Site "?"]
[Date "1994.??.??"]
[Round "?"]
[White "Poenisch, Volker"]
[Black "Avery, Robert W"]
[Result "0-1"]
[WhiteElo "1885"]
[BlackElo "2155"]
[PlyCount "140"]
[EventDate "1994.??.??"]

{2/(15)} 1. d4 Nf6 2. c4 g6 3. f3 d5 4. cxd5 Nxd5 5. e4 Nb6 6. Nc3 Bg7 7. Be3
O-O 8. f4 f5 9. Nf3 e6 10. exf5 gxf5 11. Qb3 Nc6 12. Rd1 Ne7 13. Bc4 Ned5 14.
Bc1 c6 15. O-O Bd7 16. Ne5 Be8 17. Ne2 Bh5 18. Rde1 Bxe5 19. dxe5 Nxc4 20. Qxc4
Qb6+ 21. Kh1 Qb4 22. Qxb4 Nxb4 23. Nd4 Kf7 24. Bd2 Nd5 25. Rc1 Rfd8 26. Nb3
Rac8 27. Be1 Ne3 28. Rf2 b6 29. Rd2 c5 30. Bh4 Rd5 31. Bf2 Nd1 32. Be1 Rxd2 33.
Bxd2 Nxb2 34. Kg1 Rd8 35. h3 c4 36. Rc2 cxb3 37. Rxb2 bxa2 38. Rxa2 Rd7 39. Kf2
Ke8 40. Ke3 Kd8 41. Bb4 Kc8 42. Bd6 Kb7 43. Kd4 Rg7 44. Rc2 Bd1 45. Rc1 Ba4 46.
g4 fxg4 47. hxg4 Bc6 48. Rg1 Bf3 49. g5 a5 50. f5 exf5 51. e6 Bh5 52. Ke5 Bg6
53. e7 Rg8 54. Rc1 Rc8 55. Rxc8 Kxc8 56. e8=Q+ Bxe8 57. Kxf5 Kd7 58. Ke5 Kc6
59. Ba3 Kb5 60. Kd4 Ka4 61. Bd6 Kb3 62. Bc7 a4 63. Bxb6 a3 64. Kd3 Kb2 65. Ke4
a2 66. Ke5 a1=Q 67. Bd4+ Kb1 68. Bxa1 Kxa1 69. Kf6 Kb2 70. Kg7 Bg6 0-1

[Event "Detroit (MCO/C/3b/1)"]
[Site "?"]
[Date "1994.??.??"]
[Round "?"]
[White "Piasecki, Vince"]
[Black "Waller, A."]
[Result "0-1"]
[WhiteElo "1605"]
[BlackElo "1605"]
[PlyCount "60"]
[EventDate "1994.??.??"]

1. c4 e5 2. Nc3 Nf6 3. g3 Bc5 4. Bg2 O-O 5. e3 Nc6 6. a3 a5 7. Nge2 d6 8. Na4
Ba7 9. O-O Be6 10. b3 Qd7 11. Re1 Rab8 12. Nac3 d5 13. cxd5 Nxd5 14. Bb2 f6 15.
Qc2 Rfd8 16. Rad1 Qf7 17. Nb5 Bb6 18. d4 Nde7 19. Nc1 exd4 20. Nxd4 Nxd4 21.
exd4 Bd5 22. Bf1 Re8 23. Bd3 g6 24. Bc4 Rbd8 25. Rd2 c6 26. Qd1 Bxc4 27. bxc4
Qxc4 28. d5 Nxd5 29. Qf3 Rxe1+ 30. Kg2 Qf1# 0-1

[Event "Eastpointe (EDO/2/27)"]
[Site "?"]
[Date "1994.??.??"]
[Round "?"]
[White "Piasecki, Vince"]
[Black "Timberlake, B."]
[Result "1-0"]
[WhiteElo "1605"]
[BlackElo "1605"]
[PlyCount "71"]
[EventDate "1994.??.??"]

{2/(27)} 1. c4 c6 2. Nc3 e6 3. b3 e5 4. Nf3 Qc7 5. g3 Nf6 6. d3 Bc5 7. Bg2 Ng4
8. O-O f6 9. h3 Nxf2 10. Rxf2 Bxf2+ 11. Kxf2 d6 12. Bb2 Be6 13. d4 Nd7 14. d5
cxd5 15. Nxd5 Bxd5 16. Qxd5 O-O-O 17. Rc1 Qb6+ 18. Kf1 Nc5 19. Nd2 Rd7 20. Bc3
Re8 21. Rb1 Qc6 22. Qxc6+ bxc6 23. Bxc6 Kc7 24. Bxd7 Nxd7 25. Rd1 e4 26. b4 Re7
27. Nb1 Ne5 28. Na3 a6 29. b5 Kb6 30. Rxd6+ Kc5 31. Bxe5 Rxe5 32. Rxa6 Kd4 33.
b6 Ke3 34. b7 Rf5+ 35. Ke1 Rf2 36. Nc2# 1-0

[Event "Detroit (MOR/7/13)"]
[Site "?"]
[Date "1994.??.??"]
[Round "?"]
[White "Piasecki, Vince"]
[Black "Raupp, Helene"]
[Result "1-0"]
[WhiteElo "1605"]
[BlackElo "1625"]
[PlyCount "87"]
[EventDate "1994.??.??"]

{7/(13)} 1. c4 f5 2. d3 e6 3. Nf3 b6 4. Nc3 Bb4 5. Bd2 Bxc3 6. Bxc3 Nf6 7. e3
Bb7 8. Be2 d6 9. Qc2 O-O 10. O-O-O Ng4 11. Rdf1 Nd7 12. h3 Ngf6 13. Rhg1 Qe8
14. Nd2 e5 15. g4 f4 16. exf4 exf4 17. Re1 Ne5 18. d4 Nc6 19. Bd3 Qf7 20. g5
Ne8 21. Bxh7+ Kh8 22. Be4 Rb8 23. h4 Na5 24. d5 Bc8 25. h5 Bf5 26. h6 Bxe4 27.
hxg7+ Nxg7 28. Qxe4 Qf5 29. Qxf5 Rxf5 30. Re7 Re5 31. Rxc7 Rbe8 32. Nf3 R5e7
33. Rxe7 Rxe7 34. g6 Nxc4 35. Ng5 Ne5 36. Kc2 Nxg6 37. Ne6 Ne5 38. Nxf4 Rf7 39.
Nh3 Rc7 40. Kb1 Kg8 41. Ng5 Kf8 42. f4 Rxc3 43. bxc3 Nd3 44. Ne6+ 1-0

[Event "Detroit (MOR/1a/1)"]
[Site "?"]
[Date "1994.??.??"]
[Round "?"]
[White "Piasecki, Vince"]
[Black "Neshewat, Michael"]
[Result "0-1"]
[WhiteElo "1605"]
[BlackElo "1790"]
[PlyCount "86"]
[EventDate "1994.??.??"]

1. c4 e5 2. Nc3 Nf6 3. b3 Bb4 4. Bb2 c5 5. g3 O-O 6. Bg2 Re8 7. Nd5 Nc6 8. Nxb4
Nxb4 9. a3 Nc6 10. e3 Qb6 11. Ne2 d6 12. O-O Bg4 13. Bc3 Rab8 14. Re1 Bf5 15.
d3 Rbd8 16. Qc2 Qc7 17. Rad1 Qc8 18. Qb2 Bg4 19. b4 b6 20. b5 Ne7 21. Rd2 Qf5
22. a4 Qh5 23. a5 Bh3 24. Bh1 Ng4 25. Bf3 Qh6 26. d4 Nxh2 27. Bg2 Ng4 28. Bh1
Nxe3 29. dxe5 Nxc4 30. Qa2 Nxd2 31. Bxd2 Qh5 32. Nf4 Qg4 33. Nxh3 Qxh3 34. exd6
Rxd6 35. Bc6 Rxc6 36. bxc6 Qc8 37. Qa4 Nxc6 38. Rxe8+ Qxe8 39. axb6 axb6 40.
Qb5 h6 41. Qxb6 Ne5 42. Kg2 Qa8+ 43. Kh3 Qh1# 0-1

[Event "Detroit (MOR/3/43)"]
[Site "?"]
[Date "1994.??.??"]
[Round "?"]
[White "Piasecki, Vince"]
[Black "Melton, J."]
[Result "1-0"]
[WhiteElo "1605"]
[BlackElo "1605"]
[PlyCount "59"]
[EventDate "1994.??.??"]

{3/(43)} 1. c4 e5 2. Nc3 Nf6 3. g3 c6 4. Bg2 Bc5 5. e3 d5 6. d4 exd4 7. exd4
Bb4 8. Qe2+ Be6 9. c5 O-O 10. Nf3 Bg4 11. O-O Bxc3 12. bxc3 Re8 13. Qd3 b5 14.
Ne5 h6 15. Bf4 a6 16. Rae1 Qc8 17. Nxg4 Nxg4 18. Bh3 h5 19. f3 f5 20. fxg4 fxg4
21. Bg2 Nd7 22. Bd6 Nf6 23. Be5 Re6 24. Rf5 Qd7 25. Rg5 Rf8 26. Rf1 Qd8 27. Qg6
Rf7 28. Rxh5 Qe7 29. Bxf6 Rexf6 30. Qh7+ 1-0

[Event "Detroit (MCO/C/1a/1)"]
[Site "?"]
[Date "1994.??.??"]
[Round "?"]
[White "Piasecki, Vince"]
[Black "Koernke, R."]
[Result "0-1"]
[WhiteElo "1605"]
[BlackElo "1605"]
[PlyCount "84"]
[EventDate "1994.??.??"]

1. c4 c6 2. Nc3 d5 3. e3 Nf6 4. Nf3 Bf5 5. Be2 e6 6. Nh4 Bg6 7. Nxg6 hxg6 8. b3
Qc7 9. g3 Nbd7 10. d4 O-O-O 11. O-O Be7 12. Bd2 Rh7 13. Bf3 Rdh8 14. h4 Nh5 15.
e4 Nxg3 16. e5 Nxf1 17. Kxf1 Rxh4 18. Ke2 Rxd4 19. Qc2 Qxe5+ 20. Kf1 Bg5 21.
Bxg5 Qxg5 22. cxd5 exd5 23. Nb5 Kb8 24. Nxd4 Ne5 25. Qc3 Rh3 26. Ke2 Qf4 27.
Rh1 Rxh1 28. Bxh1 g5 29. Qb4 Qf6 30. a4 Nd7 31. Qd2 g4 32. Qe3 Ne5 33. Qg3 Ka8
34. Qh2 g5 35. Qh7 a6 36. Qg8+ Ka7 37. Qc8 Ng6 38. Nc2 Nf4+ 39. Kd2 Qh6 40.
Qxg4 Qxh1 41. Qxg5 Qe4 42. Qg1 Qd3+ 0-1

[Event "Eastpointe (EDO/3/18)"]
[Site "?"]
[Date "1994.??.??"]
[Round "?"]
[White "Piasecki, Vince"]
[Black "Franke, R."]
[Result "0-1"]
[WhiteElo "1605"]
[BlackElo "1815"]
[PlyCount "94"]
[EventDate "1994.??.??"]

{3/(18)} 1. c4 c5 2. Nc3 Nc6 3. b3 Nf6 4. Nf3 g6 5. Bb2 Bg7 6. d3 d6 7. g3 O-O
8. Bg2 Bd7 9. O-O a6 10. a3 Rb8 11. Re1 e5 12. Nd2 Re8 13. Nde4 Nxe4 14. Nxe4
Be6 15. e3 f5 16. Nd2 Rf8 17. f4 Qc7 18. Qc2 Rfe8 19. Rad1 Rbd8 20. Nf3 h6 21.
Bc3 d5 22. cxd5 Bxd5 23. e4 fxe4 24. dxe4 Be6 25. Nxe5 Nxe5 26. Bxe5 Bxe5 27.
fxe5 Qxe5 28. Rf1 Rd4 29. Rxd4 Qxd4+ 30. Kh1 Rd8 31. Rf3 Qd1+ 32. Qxd1 Rxd1+
33. Bf1 Kg7 34. b4 cxb4 35. axb4 Bc4 36. Kg2 Bxf1+ 37. Rxf1 Rxf1 38. Kxf1 Kf6
39. Ke2 Ke5 40. Kd3 b6 41. h3 a5 42. bxa5 bxa5 43. g4 g5 44. Kc3 Kxe4 45. Kb3
Kf3 46. Ka4 Kg3 47. Kxa5 Kxh3 0-1

[Event "Detroit (MCO/C/2b/3)"]
[Site "?"]
[Date "1994.??.??"]
[Round "?"]
[White "Piasecki, Vince"]
[Black "Cutler, C."]
[Result "1-0"]
[WhiteElo "1605"]
[BlackElo "1605"]
[PlyCount "118"]
[EventDate "1994.??.??"]

1. c4 c5 2. Nc3 Nf6 3. g3 d5 4. cxd5 Nxd5 5. Bg2 Nxc3 6. bxc3 Nc6 7. Nf3 b6 8.
O-O Bb7 9. Re1 e6 10. d3 Be7 11. Bb2 O-O 12. Qc2 Qc7 13. Rad1 f5 14. Qb3 Nd8
15. c4 Bf6 16. Bc1 Qe7 17. e3 Nf7 18. e4 fxe4 19. dxe4 Ne5 20. Nxe5 Bxe5 21.
Qb5 Qf7 22. Be3 Qg6 23. f4 Bc3 24. Bd2 Bd4+ 25. Kh1 Rf7 26. Qb3 Raf8 27. Bc3 e5
28. f5 Qg4 29. a4 Rf6 30. Bd2 Rh6 31. Bxh6 gxh6 32. a5 h5 33. axb6 axb6 34.
Qxb6 h4 35. Qxb7 hxg3 36. h3 Qh5 37. Ra1 Bf2 38. Ra7 Qh6 39. Qd5+ Kh8 40. Qxe5+
Kg8 41. Qe6+ Qxe6 42. fxe6 Bxe1 43. e7 Re8 44. e5 Kg7 45. Bc6 Kf7 46. Bxe8+
Kxe8 47. Kg2 h6 48. Rc7 Bf2 49. Rc6 h5 50. Rh6 Kxe7 51. Rxh5 Ke6 52. Rg5 Be1
53. h4 Bd2 54. Rh5 Bf4 55. Rg5 Bxg5 56. hxg5 Kxe5 57. Kxg3 Kf5 58. Kh4 Kg6 59.
Kg4 Kg7 1-0

[Event "Detroit (MOR/5/43)"]
[Site "?"]
[Date "1994.??.??"]
[Round "?"]
[White "Piasecki, Vince"]
[Black "Calugaru, P."]
[Result "1-0"]
[WhiteElo "1605"]
[BlackElo "1605"]
[PlyCount "85"]
[EventDate "1994.??.??"]

{5/(43)} 1. c4 e5 2. g3 g6 3. Bg2 Bg7 4. Nc3 Nf6 5. d3 d6 6. b3 O-O 7. Bb2 Nbd7
8. Qc2 Re8 9. Nf3 a5 10. O-O Nc5 11. Nd2 c6 12. Nce4 Ncxe4 13. Nxe4 d5 14. Nd2
d4 15. Rfe1 c5 16. Ne4 Qe7 17. Ba3 Nxe4 18. Bxe4 Be6 19. Bc1 Rac8 20. e3 b6 21.
exd4 cxd4 22. f4 b5 23. Qf2 f5 24. Bg2 bxc4 25. bxc4 exf4 26. Bxf4 Qc5 27. Rab1
Bd7 28. Bd5+ Kh8 29. Bb7 Rxe1+ 30. Rxe1 Re8 31. Rxe8+ Bxe8 32. Qe1 Bf7 33. Bd2
a4 34. Bb4 Qc7 35. Qe7 Qxe7 36. Bxe7 Be8 37. c5 Be5 38. c6 Bc7 39. Bf6+ Kg8 40.
Bxd4 Kf7 41. Be3 Ke6 42. Bf4 Bd6 43. c7 1-0

[Event "Detroit (MCO/C/5/9)"]
[Site "?"]
[Date "1994.??.??"]
[Round "?"]
[White "Piasecki, Vince"]
[Black "Beck, B."]
[Result "1/2-1/2"]
[WhiteElo "1605"]
[BlackElo "1605"]
[PlyCount "87"]
[EventDate "1994.??.??"]

{5/(9)} 1. c4 Nf6 2. Nc3 g6 3. b3 Bg7 4. Bb2 O-O 5. g3 Nc6 6. Nf3 d6 7. Bg2 Bf5
8. d3 e5 9. O-O Nd7 10. Nd5 Be6 11. Nd2 f5 12. f4 exf4 13. Bxg7 Kxg7 14. Nxf4
Bf7 15. a3 Nf6 16. Qc2 Re8 17. Qc3 Ne5 18. Bxb7 Rb8 19. Bg2 Neg4 20. e4 Ne3 21.
Rfe1 Nxg2 22. Kxg2 Qd7 23. Rad1 c6 24. Nf3 h6 25. e5 dxe5 26. Nxe5 Qb7 27. Nxf7
Qxf7 28. b4 Kh7 29. a4 Ng4 30. d4 a6 31. d5 cxd5 32. Nxd5 Re6 33. Rxe6 Qxe6 34.
Re1 Re8 35. Rxe6 Rxe6 36. b5 Re2+ 37. Kf1 Rxh2 38. Nf6+ Nxf6 39. Qxf6 axb5 40.
axb5 f4 41. Qxf4 h5 42. b6 g5 43. Qxg5 h4 44. Qxh4+ 1/2-1/2

[Event "Detroit (Class C/3/6)"]
[Site "?"]
[Date "1994.??.??"]
[Round "?"]
[White "Piasecki, Vince"]
[Black "Asbury, Victor"]
[Result "0-1"]
[WhiteElo "1605"]
[BlackElo "1605"]
[PlyCount "78"]
[EventDate "1994.??.??"]

{3/(6)} 1. Nf3 c5 2. g3 Nc6 3. Bg2 g6 4. O-O Bg7 5. d3 e6 6. c4 Nge7 7. Nc3 a6
8. a3 O-O 9. Qc2 Nf5 10. e3 Rb8 11. b3 Qa5 12. Bb2 Qc7 13. Ne4 Ne5 14. Nxe5
Bxe5 15. Bxe5 Qxe5 16. Rad1 f6 17. Rfe1 Qc7 18. d4 cxd4 19. exd4 d5 20. Nc5
Nxd4 21. Rxd4 Qxc5 22. Qb2 dxc4 23. Rxc4 Qe7 24. b4 e5 25. Qc3 Be6 26. Rc7 Qd6
27. Bxb7 Bh3 28. Qc1 Rxb7 29. Rxb7 Qd5 30. f3 Qxb7 31. Qh6 Qb6+ 32. Kh1 Qf2 33.
Qxh3 Qxe1+ 34. Kg2 Qe2+ 35. Kg1 f5 36. g4 Rd8 37. Qf1 Rd1 38. Qxd1 Qxd1+ 39.
Kf2 fxg4 0-1

[Event "Grand Rapids (MI Am/5/23)"]
[Site "?"]
[Date "1994.??.??"]
[Round "?"]
[White "Phillips, T."]
[Black "Troupe, D."]
[Result "0-1"]
[WhiteElo "1605"]
[BlackElo "1605"]
[PlyCount "82"]
[EventDate "1994.??.??"]

{5/(23)} 1. Nf3 Nc6 2. g3 d5 3. Bg2 e5 4. d3 Nf6 5. Bg5 h6 6. Bxf6 Qxf6 7. O-O
Bf5 8. Nc3 O-O-O 9. Nh4 Be6 10. f4 Bc5+ 11. Kh1 g6 12. fxe5 Qxe5 13. e4 Ne7 14.
Re1 Bf2 15. Re2 Bg4 16. Nf3 Bxf3 17. Bxf3 d4 18. Nd5 Nxd5 19. exd5 Be3 20. Qe1
Rhe8 21. Qb4 Rd6 22. c3 dxc3 23. bxc3 Rb6 24. Qe4 Qxe4 25. dxe4 Bc5 26. Rae1
Re5 27. Bg4+ Kd8 28. Rf1 Ke7 29. Rf4 Rb1+ 30. Kg2 Rg1+ 31. Kh3 h5 32. Bc8 g5
33. Rf5 Rxf5 34. exf5+ Kf6 35. Bxb7 Kxf5 36. Re8 Kg6 37. Rg8+ Kh6 38. Re8 g4+
39. Kh4 Rg2 40. Rh8+ Kg6 41. h3 Be7# 0-1

[Event "Grand Rapids (MI Am/1/22)"]
[Site "?"]
[Date "1994.??.??"]
[Round "?"]
[White "Phillips, T."]
[Black "Munger, Larry"]
[Result "0-1"]
[WhiteElo "1605"]
[BlackElo "1725"]
[PlyCount "44"]
[EventDate "1994.??.??"]

{1/(22)} 1. Nf3 Nf6 2. g3 g6 3. d3 Bg7 4. Bg2 d6 5. c4 e5 6. Bg5 Nbd7 7. Nc3 c6
8. O-O Qc7 9. Qd2 O-O 10. a4 Nc5 11. Qc2 Ne6 12. Bd2 d5 13. cxd5 cxd5 14. Rfc1
e4 15. dxe4 dxe4 16. Ng5 Nd4 17. Qd1 Qb6 18. Be3 Ng4 19. Bxd4 Bxd4 20. e3 Bxe3
21. fxe3 Qxe3+ 22. Kf1 Qf2# 0-1

[Event "Grand Rapids (MI Am/3/39)"]
[Site "?"]
[Date "1994.??.??"]
[Round "?"]
[White "Phillips, T."]
[Black "Filipek, G."]
[Result "1-0"]
[WhiteElo "1605"]
[BlackElo "1605"]
[PlyCount "81"]
[EventDate "1994.??.??"]

{3/(39)} 1. Nf3 d5 2. g3 Nc6 3. d3 b6 4. b3 Nf6 5. Bg5 e5 6. Nbd2 Bc5 7. Bg2
Bg4 8. O-O Qd7 9. c4 h6 10. Bxf6 gxf6 11. e3 O-O-O 12. a3 d4 13. e4 f5 14. b4
Be7 15. h3 Bxf3 16. Qxf3 Bg5 17. Nb3 f4 18. b5 Na5 19. Nxa5 bxa5 20. g4 f6 21.
h4 Bxh4 22. g5 hxg5 23. Bh3 Qxh3 24. Qxh3+ Kb8 25. Qf5 Rhf8 26. f3 Kb7 27. a4
Rf7 28. Qe6 Rdf8 29. Qa6+ Kb8 30. Qxa5 Rg7 31. Ra2 g4 32. Rg2 f5 33. fxg4 fxg4
34. Qb4 Rh8 35. a5 g3 36. b6 Be7 37. bxa7+ Kxa7 38. Qb5 Rgh7 39. Rxg3 fxg3 40.
a6 Rg7 41. Qb7# 1-0

[Event "Grand Rapids (MI Am/1/8)"]
[Site "?"]
[Date "1994.??.??"]
[Round "?"]
[White "Phalen, Michael"]
[Black "Straub, F."]
[Result "0-1"]
[WhiteElo "1605"]
[BlackElo "1885"]
[PlyCount "66"]
[EventDate "1994.??.??"]

{1/(8)} 1. d4 Nf6 2. Nf3 g6 3. Nc3 Bg7 4. e4 d6 5. Bc4 O-O 6. O-O c6 7. Bg5 Qc7
8. h3 Nbd7 9. Re1 e5 10. d5 c5 11. Nh2 h6 12. Be3 a6 13. Qd2 b5 14. Be2 b4 15.
Nd1 Nxe4 16. Qd3 f5 17. Bf3 Nef6 18. g4 e4 19. Qd2 exf3 20. Bxh6 Ne5 21. gxf5
Bxf5 22. c3 Rf7 23. Rc1 Bxh6 24. Qxh6 Rh7 25. Qg5 Ne4 26. Qf4 Nd3 27. Qe3 Nxe1
28. Qxe1 Rxh3 29. cxb4 Rxh2 30. Kxh2 Qh7+ 31. Kg1 Qh6 32. Qe3 Qh3 33. Qe1 Qg2#
0-1

[Event "Grand Rapids (MI Am/5/17)"]
[Site "?"]
[Date "1994.??.??"]
[Round "?"]
[White "Phalen, Michael"]
[Black "Scioly, Tony"]
[Result "0-1"]
[WhiteElo "1605"]
[BlackElo "1605"]
[PlyCount "108"]
[EventDate "1994.??.??"]

{5/(17)} 1. e4 e5 2. Nf3 Nc6 3. Bc4 Nf6 4. Ng5 d5 5. exd5 Nxd5 6. Nxf7 Kxf7 7.
Nc3 Be6 8. Qf3+ Qf6 9. Bxd5 Nd4 10. Bxe6+ Kxe6 11. Qd5+ Kf5 12. Qxb7 Bd6 13.
Qe4+ Ke6 14. O-O Qf5 15. Qxf5+ Kxf5 16. Rb1 Nxc2 17. Nb5 Nb4 18. a3 Nd3 19. b4
Rhb8 20. Nxd6+ cxd6 21. Rb3 Nf4 22. Rf3 Ke6 23. Re1 Nd5 24. d4 a5 25. bxa5 Rxa5
26. h3 Rc8 27. Rg3 g6 28. f4 Nb6 29. fxe5 dxe5 30. dxe5 Rxe5 31. Rxe5+ Kxe5 32.
Bb2+ Kd5 33. Rd3+ Ke4 34. Rd4+ Kf5 35. g4+ Ke6 36. Re4+ Kf7 37. Rf4+ Ke7 38.
Kf2 Rc2+ 39. Kg3 Rxb2 40. Kh4 Ra2 41. Rf3 Nc4 42. Kg5 Rxa3 43. Rxa3 Nxa3 44.
Kh6 Kf7 45. Kxh7 Kf6 46. Kh6 Nc4 47. h4 Ne5 48. g5+ Kf5 49. h5 Ng4+ 50. Kh7
gxh5 51. g6 h4 52. g7 h3 53. Kh8 Nf6 54. g8=Q Nxg8 0-1

[Event "Grand Rapids (MI Am/3/18)"]
[Site "?"]
[Date "1994.??.??"]
[Round "?"]
[White "Phalen, Michael"]
[Black "Munger, Larry"]
[Result "0-1"]
[WhiteElo "1605"]
[BlackElo "1725"]
[PlyCount "158"]
[EventDate "1994.??.??"]

{3/(18)} 1. e4 d6 2. Nf3 g6 3. Bc4 Bg7 4. Nc3 Nf6 5. d4 O-O 6. Bg5 Nxe4 7. Nxe4
d5 8. Bxd5 Qxd5 9. Qd3 Bf5 10. Nfd2 Qxd4 11. Qxd4 Bxd4 12. c3 Bg7 13. O-O Nc6
14. Rfe1 f6 15. Bf4 e5 16. Bg3 Rad8 17. Nc4 b6 18. f4 Rd5 19. fxe5 fxe5 20.
Ned2 Re8 21. Re2 Bd3 22. Re3 Bxc4 23. Nxc4 b5 24. Na3 a6 25. c4 Rc5 26. b3 Nb4
27. Re4 bxc4 28. Nxc4 Nc6 29. Rae1 Kf7 30. a4 Ke6 31. b4 Rd5 32. Ne3 Rd4 33.
Nc4 Rxe4 34. Rxe4 Kd5 35. Rh4 h5 36. Ne3+ Ke6 37. Rc4 Kd7 38. b5 axb5 39. axb5
Nd4 40. Rc5 Kd6 41. Rd5+ Ke6 42. Rc5 Kd7 43. Nc4 Ne2+ 44. Kf2 Nxg3 45. Kxg3 Re6
46. Kf3 Rf6+ 47. Ke3 Rf1 48. Nxe5+ Bxe5 49. Rxe5 Kd6 50. Rg5 Rf6 51. Kd4 c6 52.
bxc6 Kxc6 53. Ke5 Rd6 54. g4 h4 55. Kf4 Kd7 56. Kf3 Ke7 57. Kg2 Kf6 58. Rc5 g5
59. h3 Rd2+ 60. Kg1 Re2 61. Rc6+ Re6 62. Rxe6+ Kxe6 63. Kf2 Ke5 64. Kf3 Kd4 65.
Kf2 Ke4 66. Kg2 Ke3 67. Kh2 Kf2 68. Kh1 Kg3 69. Kg1 Kxh3 70. Kf2 Kxg4 71. Kg2
Kf4 72. Kf2 g4 73. Kg2 g3 74. Kh1 Kf3 75. Kg1 g2 76. Kh2 Kf2 77. Kh3 g1=Q 78.
Kxh4 Qg6 79. Kh3 Qg3# 0-1

[Event "Detroit (MI Op/2/23)"]
[Site "?"]
[Date "1994.??.??"]
[Round "?"]
[White "Perry, R."]
[Black "Williams, Ron"]
[Result "1-0"]
[WhiteElo "2110"]
[BlackElo "1870"]
[PlyCount "67"]
[EventDate "1994.??.??"]

{2/(23)} 1. e4 c5 2. Nf3 Nc6 3. d4 cxd4 4. Nxd4 e6 5. Nb5 d6 6. Bf4 e5 7. Be3
Nf6 8. Bc4 Be6 9. Bxe6 fxe6 10. O-O Be7 11. c4 O-O 12. N1c3 a6 13. Na3 Qc7 14.
Rc1 Rab8 15. g4 b6 16. g5 Nd7 17. Ncb5 Qd8 18. Nc3 Nc5 19. Qg4 Nd4 20. h4 Qe8
21. Rcd1 Nf3+ 22. Kg2 Qf7 23. Rh1 g6 24. Nc2 Nb7 25. Rh3 Nd4 26. Nxd4 exd4 27.
Bxd4 Na5 28. Rdd3 e5 29. Rdf3 Qxc4 30. Be3 Rxf3 31. Rxf3 Rf8 32. Nd5 Bd8 33.
Qe6+ Kg7 34. Qd7+ 1-0

[Event "Romulus (RVO/5/1)"]
[Site "?"]
[Date "1994.??.??"]
[Round "?"]
[White "Perry, R."]
[Black "Tsemekhman, Vadim"]
[Result "1-0"]
[WhiteElo "2110"]
[BlackElo "2470"]
[PlyCount "149"]
[EventDate "1994.??.??"]

{5/(1)} 1. e4 e6 2. d4 d5 3. exd5 exd5 4. Bd3 Nf6 5. h3 c5 6. dxc5 Bxc5 7. Nf3
O-O 8. O-O Nc6 9. c3 Qd6 10. Re1 a6 11. Be3 Be6 12. Nbd2 Bxe3 13. Rxe3 h6 14.
Nb3 Rad8 15. Qe2 Bc8 16. Re1 Nh5 17. Bb1 Nf4 18. Qc2 g6 19. Nfd4 Qf6 20. Qd1 h5
21. Qf3 Kg7 22. Bc2 h4 23. Kh1 Rh8 24. Nxc6 bxc6 25. Nd4 c5 26. Ne2 Ne6 27.
Qxf6+ Kxf6 28. Nc1 Bb7 29. Nd3 d4 30. cxd4 cxd4 31. R3e2 Rh5 32. Bb3 Bd5 33.
Bxd5 Rhxd5 34. Rc2 R8d6 35. Kg1 g5 36. Kf1 Ra5 37. b3 Nf4 38. Nxf4 gxf4 39. Rd1
d3 40. Rcd2 Rad5 41. f3 Ke5 42. Kf2 Rc6 43. Rxd3 Rc2+ 44. Kf1 Rxd3 45. Rxd3
Rxa2 46. Rd8 a5 47. Re8+ Kf5 48. Rh8 Ke5 49. Re8+ Kf6 50. Re4 Kf5 51. Re8 Ra3
52. Rb8 Ke5 53. b4 a4 54. b5 Ra1+ 55. Kf2 a3 56. b6 Kd6 57. Rc8 a2 58. b7 Rb1
59. Ra8 Rb2+ 60. Kg1 Rb1+ 61. Kh2 Rxb7 62. Rxa2 f5 63. Ra6+ Ke5 64. Rh6 Kd4 65.
Rxh4 Ke3 66. Rh5 Rg7 67. h4 Kf2 68. Rg5 Rf7 69. Kh3 Ke3 70. h5 Kd4 71. h6 Ke5
72. Rg6 Ra7 73. Kh4 Ra1 74. Kg5 Rh1 75. Rg8 1-0